| Tag |
First Indicator |
Second Indicator |
Subfields |
| LEADER |
00000cam a2200000 i 4500 |
| 001 |
in00003480452 |
| 005 |
20151206102408.0 |
| 008 |
140509t20142014nyu b 001 0 eng |
| 010 |
|
|
|a 2014018533
|
| 020 |
|
|
|a 9781137360304
|
| 020 |
|
|
|a 1137360305
|
| 035 |
|
|
|a (OCoLC)ocn871305690
|
| 040 |
|
|
|a DLC
|e rda
|c DLC
|d TXA
|d UtOrBLW
|
| 049 |
|
|
|a TXAM
|
| 050 |
0 |
0 |
|a PN1009.A1
|b I58 2014
|
| 082 |
0 |
0 |
|a 809/.89282
|2 23
|
| 245 |
0 |
0 |
|a Internationalism in children's series /
|c edited by Karen Sands-O'Connor (SUNY Buffalo State College, USA) and Marietta A. Frank (University of Pittsburgh at Bradford, USA).
|
| 264 |
|
1 |
|a New York :
|b Palgrave Macmillan,
|c 2014.
|
| 264 |
|
4 |
|c ©2014
|
| 300 |
|
|
|a xiii, 215 pages ;
|c 23 cm.
|
| 336 |
|
|
|a text
|b txt
|2 rdacontent
|
| 337 |
|
|
|a unmediated
|b n
|2 rdamedia
|
| 338 |
|
|
|a volume
|b nc
|2 rdacarrier
|
| 490 |
1 |
|
|a Critical approaches to children's literature
|
| 504 |
|
|
|a Includes bibliographical references and index.
|
| 505 |
0 |
0 |
|t Stepping out into the world : series and internationalism /
|r Karen Sands-O'Connor --
|t Young Americans abroad : Jacob Abbott's Rollo on the Grand Tour and nineteenth-century travel series books /
|r Chris Nesmith --
|t Our girls in the family of nations : girls' culture and Empire in Victorian girls' magazines /
|r Janis Dawson --
|t The Stratemeyer Chums have fun in the Caribbean : American and Empire in children's series /
|r Karen Sands-O'Connor --
|t 'A really big theme' : Americanization and world peace -- internationalism and/as nationalism in Lucy Fitch Perkin's Twins series /
|r Jani L. Barker --
|t 'A bit of life actually lived in a foreign land' : internationalism as world friendship in children's series /
|r Marietta A. Frank --
|t Lost cities : generic conventions, hidden places, and primitivism in juvenile series mysteries /
|r Michael G. Cornelius --
|t 'Buy why are you so foreign?' : Blyton and Blighty /
|r David Rudd --
|t 'Universal republic of children?' : 'other' children in Doǧan Kardeş children's periodical /
|r Denis Arzuk --
|t Wizard in translation : linguistic and cultural concerns in Harry Potter /
|r Hilary Brewster --
|t 'Hungry ghosts' : Kirsty Murray's Irish-Australian Children of the Wind series /
|r Charlotte Beyer --
|t Building bridges to intercultural understanding : the other in contemporary Irish children's literature /
|r Patricia Kennon.
|
| 520 |
|
|
|a Internationalism in Children's Series investigates 'internationalism' through various cultural, historical and theoretical lenses in series created for a child readership. Using the familiarity of the series character and format to form a bridge to the wider world, authors from the nineteenth century to contemporary times have expanded the definition of internationalism. This volume examines these definitions as they vary from series to series and even book to book in a rapidly changing, ever-shrinking world. Series with a specific international focus, such as The Twins of the World, series that take an occasional trip outside of their home country, such as the various Stratemeyer Syndicate series, as well as those which are 'accidentally' international, such as Enid Blyton's various series, all contribute to a child's understanding of global integration. From imperialism to transnationalism, from Tom Swift to Harry Potter, this book addresses the unique ability of series to introduce children to the world.
|
| 650 |
|
0 |
|a Children's literature
|x History and criticism.
|
| 650 |
|
0 |
|a Children's stories
|x History and criticism.
|
| 650 |
|
0 |
|a Internationalism in literature.
|
| 700 |
1 |
|
|a Sands-O'Connor, Karen,
|e editor.
|
| 700 |
1 |
|
|a Frank, Marietta,
|e editor.
|
| 830 |
|
0 |
|a Critical approaches to children's literature.
|
| 945 |
|
|
|a PromptCat
|
| 948 |
|
|
|a cataloged
|b h
|c 2014/7/16
|d c
|e dmitchel
|f 9:30:20 am
|
| 994 |
|
|
|a C0
|b TXA
|
| 999 |
|
|
|a MARS
|
| 999 |
f |
f |
|s 5bbaa16d-1f61-3471-9ea4-bf5814ff31e2
|i 80c8b91e-5e10-3369-b566-c8ea52dbc1af
|t 0
|
| 952 |
f |
f |
|p normal
|a Texas A&M University
|b College Station
|c Sterling C. Evans Library
|d Evans: Library Stacks
|t 0
|e PN1009.A1 I58 2014
|h Library of Congress classification
|i unmediated -- volume
|m A14840691181
|
| 998 |
f |
f |
|a PN1009.A1 I58 2014
|t 0
|l Evans: Library Stacks
|